000 00274nam a2200097 a 4500
005 20201002052730.0
008 150709s1995 000 spa d
245 0 _aEn busca de oportunidades iguales.
260 _aSanto Domingo, República Dominicana,
_c1995.
999 _c45730
_d45730
040 _aDO-SdBNP